Представление документа в формате RUSMARC

ПолеНазваниеЗначение
  Тип записи a
  Библиографический уровень a
001 Контрольный номер RU/CBS_UL/BASE/172053a94595477286f9d12f2c79b527
005 Дата корректировки 20230419112201.9
100 Данные общей обработки __
a Данные общей обработки 20230419 ||| 0rusy0189 ca
101 Язык документа 0_
a Язык текста rus
102 Страна публикации __
a Страна публикации RU
200 Заглавие и сведения об ответственности 1_
a Заглавие Поэтические переводы из книги "Большие надежды"
e Сведения, относящиеся к заглавию [литературные переводы англоязычных поэтов]
f Первые сведения об ответственности А. Захаров
300 Общие примечания __
a Общие примечания 12+
461 Уровень набора _0
1 2000
a Симбирскъ
463 Уровень физической единицы _0
1 2000
a № 1
v С. 65-66
1 2101
d 2023
1 001RU/CBS_UL/BASE/ceb75eb75e1b454db9b63c7f2ddfb9a2
606 Тематические рубрики 0_
a Основная рубрика Российская литература, 21 в. - Ульяновские писатели и поэты
606 Тематические рубрики 0_
a Основная рубрика Захаров, Алексей Павлович (1973). Переводы
610 Ключевые слова 0_
a Ключевые слова литература
610 Ключевые слова 0_
a Ключевые слова российская литература
610 Ключевые слова 0_
a Ключевые слова переводы
610 Ключевые слова 0_
a Ключевые слова литературные переводы
610 Ключевые слова 0_
a Ключевые слова переводы англоязычных авторов
686 Индексы других классификаций __
2 Код системы rubbk
a Классификационный индекс 84(2Рос=Рус)6
686 Индексы других классификаций __
a Классификационный индекс 84(4)
700 Автор _1
a Фамилия Захаров
b Имя (инициалы) А.
801 Источник записи _0
a Страна RU
b Организация МБУК ЦБС г. Ульяновска
c Дата составления 20230419
g Правила каталогизации RCR
801 Источник записи _1
a Страна RU
b Организация МБУК ЦБС г. Ульяновска
c Дата составления 20230419
g Правила каталогизации RCR
901 Тип документа __
t Тип документа b
w Контрольный № источника RU/CBS_UL/BASE/ceb75eb75e1b454db9b63c7f2ddfb9a2